000 00231nam a2200097Ia 4500
008 190216s9999||||xx |||||||||||||| ||und||
100 _aKrishan Warrier N V
245 0 _aKrishi Shabdavali
260 _bKerala Basha Inst
942 _cBK
999 _c37702
_d37702